Southville International School and Colleges
Your cart is empty.
  • Cart
  • Lists
    Public lists Eva Luna New books Lux_list list_1
    Your lists Log in to create your own lists
  • Log in to your account
  • Your cookies
  • Search history
Southville International School and Colleges
  • Advanced search
  • Recent comments
  • Most popular
  • Libraries

Log in to your account

Log in with GOOGLE


If you do not have an external account, but do have a local account, you can still log in:

  1. Home
  2. MARC view: Building things.
Normal view MARC view ISBD view

Building things. (Record no. 110246)

[ view plain ]
MARC details
000 -LEADER
fixed length control field 00435nam a2200169 a 4500
001 - CONTROL NUMBER
control field 0638
005 - DATE AND TIME OF LATEST TRANSACTION
control field 20140414131852.0
008 - FIXED-LENGTH DATA ELEMENTS--GENERAL INFORMATION
fixed length control field 040202s19uu xx 00 eng d
050 ## - LIBRARY OF CONGRESS CALL NUMBER
Classification number M 620.1'1
Item number E88 1993
100 ## - MAIN ENTRY--PERSONAL NAME
Personal name Evans, David
245 ## - TITLE STATEMENT
Title Building things.
260 ## - PUBLICATION, DISTRIBUTION, ETC. (IMPRINT)
Place of publication, distribution, etc London :
Name of publisher, distributor, etc Dorling Kindersley,
Date of publication, distribution, etc 1993.
300 ## - PHYSICAL DESCRIPTION
Extent 29
440 ## - SERIES STATEMENT/ADDED ENTRY--TITLE
Title Let's explore science
650 ## - SUBJECT ADDED ENTRY--TOPICAL TERM
Topical term or geographic name as entry element Materials-
General subdivision Juvenile literature.
Holdings
Withdrawn status Lost status Damaged status Use restrictions Home library Current library Shelving location Date acquired Source of acquisition Total Checkouts Full call number Barcode Date last seen Price effective from Koha item type
        Munich Library Munich Library Main Section 03/02/2013     M 620.1'1 E88 1993 M0587 04/14/2014 04/14/2014 Books

Building things.

APA

Evans D., . (1993). Building things. London: Dorling Kindersley.

Chicago

Evans David, . 1993. Building things. London: Dorling Kindersley.

Harvard

Evans D., . (1993). Building things. London: Dorling Kindersley.

MLA

Evans David, . Building things. London: Dorling Kindersley. 1993.

  • Place hold
  • Print
  • Cite
  • Add to your cart (remove)
  • Save record
    BIBTEX Dublin Core MARCXML MARC (non-Unicode/MARC-8) MARC (Unicode/UTF-8) MARC (Unicode/UTF-8, Standard) MODS (XML) RIS
  • More searches
    Search for this title in:
    Other Libraries (WorldCat) Other Databases (Google Scholar) Online Stores (Bookfinder.com) Open Library (openlibrary.org)

Exporting to Dublin Core...

SOUTHVILLE LIBRARY

Southville International School and Colleges Library

1281 Tropical Ave. Cor. Luxembourg St., BF Homes International, Las Pinas City

Tel. No. 8256374 / 252358 Loc. 117/146

Powered by Koha